| 000 | 00368 a2200145 4500 | ||
|---|---|---|---|
| 999 |
_c472 _d472 |
||
| 020 | _a9781848090798 | ||
| 050 | _aPR6054 WOO 2015 | ||
| 100 |
_aWoodhead, Patrick _eAuthor |
||
| 245 |
_aBeneath the ice / _cPatrick Woodhead |
||
| 264 |
_aLondon: _bArrow books, _c2015 |
||
| 300 | _a460p. | ||
| 500 | _aA novel | ||
| 650 | _aPollar thriller | ||
| 942 |
_2lcc _cBK _h6054 _iWOO _kPR |
||